7th International Wheat Conference : Wheat production in stressed environments : abstracts of oral and poster presentations.
Guardado en:
| Autor Corporativo: | |
|---|---|
| Formato: | Libro |
| Idioma: | Spanish |
| Publicado: |
[Buenos Aires :
INTA : SAGPyA,
2005.]
|
| Etiquetas: |
Agregar Etiqueta
Sin Etiquetas, Sea el primero en etiquetar este registro!
|
| LEADER | 00596nam a22001335a 4500 | ||
|---|---|---|---|
| 001 | EEA.libagro007549 | ||
| 008 | 130809s2005####ag#a##########100#0#spa#d | ||
| 005 | 20201117173006.0 | ||
| 245 | 1 | 0 | |a 7th International Wheat Conference : Wheat production in stressed environments : |b abstracts of oral and poster presentations. |
| 260 | |a [Buenos Aires : |b INTA : |b SAGPyA, |c 2005.] | ||
| 300 | |a xviii, 351 p. : |b il. ; |c 25 cm. + |e 1 CD-ROM. | ||
| 111 | 2 | |a International Wheat Conference |n (7th : |d Nov 27-Dec 2, 2005 : |c Mar del Plata, Argentina) | |
| 082 | 0 | 4 | |a 633.11 |
| 859 | |a AR-BbBCA |b BIB. AGRONOMIA |h 633.11 |i I61 7 2005 |p 2006/4938 | ||
